| Tag |
First Indicator |
Second Indicator |
Subfields |
| LEADER |
00000cam a2200000 a 4500 |
| 001 |
in00004100237 |
| 005 |
20260130165850.4 |
| 006 |
m o d |
| 007 |
cr cn |
| 008 |
160813s2005 xx o eng |
| 020 |
|
|
|z 0738490156
|
| 020 |
|
|
|z 9780738490151
|
| 035 |
|
|
|a (CaSebORM)0738490156
|
| 040 |
|
|
|d UtOrBLW
|
| 041 |
0 |
|
|a eng
|
| 100 |
1 |
|
|a Ceylan, Sanver,
|e author.
|0 http://id.loc.gov/authorities/names/n2006033912
|
| 245 |
1 |
0 |
|a Deployment Guide for IBM Tivoli Storage Manager Version 5.3 /
|c Ceylan, Sanver.
|
| 264 |
|
1 |
|b IBM Redbooks,
|c 2005.
|
| 300 |
|
|
|a 1 online resource (198 pages)
|
| 336 |
|
|
|a text
|b txt
|2 rdacontent
|
| 337 |
|
|
|a computer
|b c
|2 rdamedia
|
| 338 |
|
|
|a online resource
|b cr
|2 rdacarrier
|
| 347 |
|
|
|a text file
|
| 520 |
|
|
|a Deploying a storage management solution for a small or medium-size business begins with a thorough analysis of the existing business and IT environment. The next step after fully understanding the organization is planning and sizing. This is the key stage, because deployment success depends on how well you plan and size. This IBM Redbooks publication takes a step-by-step approach to deploying a storage management solution based on IBM Tivoli Storage Manager. The first two chapters introduce overall planning and sizing issues. Then we focus on the detailed installation and configuration of Tivoli Storage Manager, and offer some deployment scenarios and troubleshooting of storage management implementation. Readers should be familiar with the following topics: - Storage management concepts - Network topologies - Distributed systems architectures and configuration This book does not cover whole IBM Tivoli Storage Manager components or other discussions for the planning and sizing experience.
|
| 533 |
|
|
|a Electronic reproduction.
|b Boston, MA :
|c Safari,
|n Available via World Wide Web.
|d 2005.
|
| 538 |
|
|
|a Mode of access: World Wide Web.
|
| 542 |
|
|
|g 2005
|
| 588 |
|
|
|a Online resource; Title from title page (viewed October 4, 2005)
|
| 500 |
|
|
|a Electronic resource.
|
| 655 |
|
7 |
|a Electronic books.
|2 local
|
| 700 |
1 |
|
|a Gusler, Carl,
|e author.
|
| 700 |
1 |
|
|a Hari, Krishnaprasath,
|e author.
|
| 700 |
1 |
|
|a Jeyaraman, Rajkumar,
|e author.
|
| 710 |
2 |
|
|a Safari, an O'Reilly Media Company.
|
| 856 |
4 |
0 |
|u https://proxy.library.tamu.edu/login?url=https://go.oreilly.com/TAMU/library/view/-/0738490156/?ar
|z Connect to this electronic resource
|t 0
|
| 999 |
f |
f |
|s 8af4c6ee-3497-3462-bbee-89564735ee9d
|i 4d72f2c4-7534-3a40-bb9f-a07428a5979d
|t 0
|
| 952 |
f |
f |
|a Texas A&M University
|b College Station
|c Electronic Resources
|s www_evans
|d Available Online
|t 0
|h No information provided
|
| 998 |
f |
f |
|t 0
|l Available Online
|